000 00482nam a2200181Ia 4500
005 20250508151106.0
008 008 250505s9999 xx 000 0 eng d
037 _aTextual
040 _aFEDL
_beng
_cFEDL
041 _aeng
_2eng
084 _a743.6, TUN
_qFEDL
100 _aTunnicliffe C F
_9755573
245 0 _aHow to draw farm animals
260 _aLondon, UK
_bThe Studio
_c1952
300 _a63p.
942 _cTEXL
_h743.6, TUN
999 _c1327541
_d1327541